Versuche zur in vitro-Kapazitation von Kaninchensamenzellen unter Berücksichtigung des Einflusses der Superovulation auf die Entwicklung in vitro-befruchteter Eizellen /

Bibliographic Details
Main Author: Ady, Gerhard
Format: Book
Language:German
Published: Hannover : [publisher not identified], 1976.
Series:Hanover (City). Tierärztliche Hochschule. [Inaugural-Dissertation ; 1976, no. 81]

MARC

Tag First Indicator Second Indicator Subfields
LEADER 00000cam a2200000Ii 4500
001 in00004527721
005 20191205081926.0
008 780128s1976 gw b 000 0 ger
035 |a (OCoLC)ocm03586355 
035 |a (OCoLC)3586355 
035 |z (UtOrBLW)65244 
035 |a 92754 
040 |a AGL  |b eng  |c AGL  |d UtOrBLW 
041 0 |a ger  |b eng 
049 |a TMVM 
070 |a 41.2  |b H198 [1976 No.81 
100 1 |a Ady, Gerhard. 
242 0 0 |a Experiments on in-vitro capacitation of rabbit semen cells under consideration of the effects of superovulation on the development in-vitro fertilized ova. 
245 1 0 |a Versuche zur in vitro-Kapazitation von Kaninchensamenzellen unter Berücksichtigung des Einflusses der Superovulation auf die Entwicklung in vitro-befruchteter Eizellen /  |c vorgelegt von Gerhard Ady. 
264 1 |a Hannover :  |b [publisher not identified],  |c 1976. 
300 |a 61 pages 
336 |a text  |2 rdacontent  |b txt 
337 |a unmediated  |2 rdamedia 
338 |a volume  |2 rdacarrier  |b nc 
490 0 |a Hanover (City). Tierärztliche Hochschule. [Inaugural-Dissertation ; 1976, no. 81] 
500 |a English summary. 
504 |a Bibliography: pages 53-6l. 
999 |a MARS 
999 f f |s ddbb7da1-dc08-3068-a469-66be1443be7e  |i 2fa1662a-acd3-372f-ab5a-f195909badcd  |t 0 
952 f f |p preservation  |a Texas A&M University  |b J.J. Pickle Campus  |c High Density Repository  |d Remote Storage  |t 0  |e German dissertations  |h Other scheme  |i unmediated -- volume  |m 323890247585D 
998 f f |a German dissertations  |t 0  |l Remote Storage